Structural Fire Engineering (Record no. 14329)

000 -LEADER
fixed length control field 00339nam a2200145Ia 4500
003 - CONTROL NUMBER IDENTIFIER
control field OSt
005 - DATE AND TIME OF LATEST TRANSACTION
control field 20260218172704.0
008 - FIXED-LENGTH DATA ELEMENTS--GENERAL INFORMATION
fixed length control field 260210s9999 xx 000 0 und d
020 ## - INTERNATIONAL STANDARD BOOK NUMBER
International Standard Book Number 9780727741417
100 ## - MAIN ENTRY--PERSONAL NAME
Personal name Lennon Tom
245 #0 - TITLE STATEMENT
Title Structural Fire Engineering
260 ## - PUBLICATION, DISTRIBUTION, ETC. (IMPRINT)
Name of publisher, distributor, etc ICE Publishing
Place of publication, distribution, etc London
300 ## - PHYSICAL DESCRIPTION
Extent 179p;
942 ## - ADDED ENTRY ELEMENTS (KOHA)
Item type UG Books
Source of classification or shelving scheme
Holdings
Withdrawn status Lost status Source of classification or shelving scheme Damaged status Koha normalized classification for sorting Not for loan Permanent location Current location Shelving location Date acquired Full call number Barcode Date last seen Price effective from Koha item type
        693_820000000000000   BMS College of Architecture, Design and Planning BMS College of Architecture, Design and Planning General Stacks 2025-12-17 693.82 AR-UG5246 2026-02-10 2026-02-10 UG Books
Copyright © 2025, The Librarian, Library and Information Centre, BMSCA D&P, Bengaluru. All Rights Reserved
web counter

Powered by Koha